ბათუმის შოთა რუსთაველის სახელმწიფო უნივერსიტეტის ბიბლიოთეკა

საკონსტიტუციო-პოლიტიკური რეფორმის პროცესი საქართველოში : პოლიტიკური ელიტა და ხალხის ხმები : ერთობლივი პროექტი : (ბიბ.ჩანაწერი № 36476)

000 -ლიდერი
ფიქსირებული სიგრძის საკონტროლო ველი 01985nam a2200253Ia 4500
001 - საკონტროლო ნომერი
საკონტროლო ველი 2393
003 - საკონტროლო ნომრის იდენტიფიკატორი
საკონტროლო ველი GE_BSU
005 - ბოლო ოპერაციის თარიღი და დრო
საკონტროლო ველი 20200129113228.0
008 - ფიქსირებული სიგრძის მონაცემთა ელემენტები - ზოგადი ინფორმაცია
ფიქსირებული სიგრძის საკონტროლო ველი 181216s2005||||ge |||||||||||||| ||geo||
010 ## - კონგრესის ბიბლიოთეკის საკონტროლო ნომერი
LC საკონტროლო ნომერი 918539145X
040 ## - კატალოგიზაციის წყარო
Transcribing agency GE_BSU
041 ## - ენის კოდი
Language code of text/sound track or separate title geo
080 ## - უნივერსალური ათობითი კლასიფიკაციის ინდექსი
Universal Decimal Classification number 342.4+32.001 ს-19
245 ## - ცნობა სათაურის შესახებ
Title საკონსტიტუციო-პოლიტიკური რეფორმის პროცესი საქართველოში : პოლიტიკური ელიტა და ხალხის ხმები : ერთობლივი პროექტი :
Statement of responsibility, etc დემოკრატიის და არჩევნების ხელშეწყობის საერთ. ინ-ტი, მშვიდობის, დემოკრატიის და განვ. კავკასიური ინ-ტი ; ქართ. ტექსტ. რედ.: ზეინაბ სარაძე.
Remainder of title საქართველოს ხმები კონსტიტუციურ და პოლიტიკურ რეფორმაში /
264 ## - წარმოების, გამოცემის, დისტრიბუციის და სხვა ცნობები
გამოცემის, წარმოების, დისტრიბუციის... ადგილი თბილისი,
გამოცემის, წარმოების, დისტრიბუციის... თარიღი 2005.
300 ## - ფიზიკური აღწერა
Extent 175 გვ.;
Other physical details 27 სმ.
440 ## - სერიის ცნობა / დამატებულია ჩანაწერი - სათაური
Title დემოკრატიისა და არჩევნების ხელშეწყობის საერთ. ინ-ტი
9 (RLIN) 6483
653 ## - INDEX TERM--UNCONTROLLED
Uncontrolled term საკონსტიტუციო სამართალი.
700 ## - ADDED ENTRY--PERSONAL NAME
Personal name არაქელიანი, არმინე
Relator term პროგრ. ხელმძღვ-ლი
9 (RLIN) 1272
700 ## - ADDED ENTRY--PERSONAL NAME
Personal name სარაძე, ზეინაბ
9 (RLIN) 1273
Relator term ტექსტის რედ.
710 ## - ADDED ENTRY--CORPORATE NAME
Corporate name or jurisdiction name as entry element დემოკრატიის და არჩევნების ხელშეწყობის საერთ. ინ-ტი
9 (RLIN) 3825
710 ## - ADDED ENTRY--CORPORATE NAME
Corporate name or jurisdiction name as entry element მშვიდობის, დემოკრატიის და განვ. კავკასიური ინ-ტი
9 (RLIN) 3826
942 ## - ADDED ENTRY ELEMENTS (KOHA)
Koha item type წიგნი
Source of classification or shelving scheme
ეგზემპლარები
ჩამოწერის სტატუსი დაკარგული ეგზემპლარის სტატუსი კლასიფიკაციის წყარო ან თაროზე გაწყობის სქემა დაზიანების სტატუსი არ გაიცემა მუდმივი მდებარეობა (დაცვის ადგილი) ამჟამინდელი ადგილსამყოფელი შეძენის თარიღი ღირებულება, შესყიდვის ნორმალური ფასი სრული შენახვის შიფრი შტრიხკოდი ბოლო ოპერაციის თარიღი ეგზემპლარის მიმდევრობითი ნომერი (კეტერი?) ფასის ძალაში შესვლის თარიღი ეგზემპლარის სახეობა საჯარო შენიშვნა თაროზე განთავსების ადგილი
          ბათუმის შოთა რუსთაველის სახელმწიფო უნივერსიტეტის მთავარი ბიბლიოთეკა ბათუმის შოთა რუსთაველის სახელმწიფო უნივერსიტეტის მთავარი ბიბლიოთეკა 2018-12-17 12.00 342.4.021.8(479.22)+321.7(479.22) ს-19 1614 2018-12-17 1614 2018-12-17 წიგნი 12 ლ.  
          ბათუმის შოთა რუსთაველის სახელმწიფო უნივერსიტეტის მთავარი ბიბლიოთეკა ბათუმის შოთა რუსთაველის სახელმწიფო უნივერსიტეტის მთავარი ბიბლიოთეკა 2018-12-17   342.4.021.8(479.22)+321.7(479.22) ს-19 5180 2018-12-17 5180 2018-12-17 წიგნი წიგნსაცავი
          ბათუმის შოთა რუსთაველის სახელმწიფო უნივერსიტეტის მთავარი ბიბლიოთეკა ბათუმის შოთა რუსთაველის სახელმწიფო უნივერსიტეტის მთავარი ბიბლიოთეკა 2018-12-17 5.00 342.4.021.8(479.22)+321.7(479.22) ს-19 5544 2018-12-17 5544 2018-12-17 წიგნი 5 ლ. წიგნსაცავი
          ბათუმის შოთა რუსთაველის სახელმწიფო უნივერსიტეტის მთავარი ბიბლიოთეკა ბათუმის შოთა რუსთაველის სახელმწიფო უნივერსიტეტის მთავარი ბიბლიოთეკა 2019-05-16 8.00 342.4.021.8(479.22)+321.7(479.22) ს-19 59577 2019-05-16 59577 2019-05-16 წიგნი 8 ლ. წიგნსაცავი